Electronic Devices: (Record no. 184165)

MARC details
000 -LEADER
fixed length control field 00656nam a22001937a 4500
005 - DATE AND TIME OF LATEST TRANSACTION
control field 20220121142133.0
010 ## - LCCN (DPL NO)
LC control number ENG-131112
020 ## - INTERNATIONAL STANDARD BOOK NUMBER
International Standard Book Number 978-93-544-*9393-5
Terms of availability 899.00
035 ## - SYSTEM CONTROL NUMBER
System control number EN-114644
037 ## - SOURCE OF ACQUISITION
Source of stock number/acquisition DBAD
082 ## - DEWEY DECIMAL CLASSIFICATION NUMBER
Classification number 621.3815
100 ## - MAIN ENTRY--PERSONAL NAME
Personal name Floyd, Thomas L.
245 ## - TITLE STATEMENT
Title Electronic Devices:
Remainder of title Conventional Current Version/
Statement of responsibility, etc Thomas L. Floyd
250 ## - EDITION STATEMENT
Edition statement 10th Edition
260 ## - PUBLICATION, DISTRIBUTION, ETC. (IMPRINT)
Place of publication, distribution, etc Uttar Pradesh
Name of publisher, distributor, etc Pearson India Education Services Pvt. Ltd
Date of publication, distribution, etc 2021
270 ## - ADDRESS
City Uttar Pradesh
Address 15th Floor, Tower-B, World Trade Tower, Plot No. 1, Block-C, Sector 16
Postal code 201301
300 ## - PHYSICAL DESCRIPTION
Extent 928p.
Dimensions 28cm(pbk)
942 ## - ADDED ENTRY ELEMENTS (KOHA)
Source of classification or shelving scheme Dewey Decimal Classification
Item type English Books
Classification part 621.3815
Call number suffix FLO
Holdings
Withdrawn status Lost status Not for loan Collection code Home library Current library Date acquired Source of acquisition Cost, normal purchase price Full call number Barcode Copy number Cost, replacement price Koha item type
      Non-fiction Patel Nagar Patel Nagar 13/01/2022 DBAD/PUB 899.00 621.3815 FLO EN-114644 1 899.00 English Books

© Delhi Public Library
Hit Counter
free hit counter